| Tag |
First Indicator |
Second Indicator |
Subfields |
| LEADER |
00000cam a2200000 i 4500 |
| 001 |
in00005654513 |
| 008 |
240612s2025 gw a b 001 0 eng d |
| 005 |
20250802185340.8 |
| 035 |
|
|
|a (OCoLC)on1438916710
|
| 040 |
|
|
|a YDX
|b eng
|e rda
|c YDX
|d UKMGB
|d OCLCO
|d YDX
|
| 020 |
|
|
|a 9783110761962
|
| 020 |
|
|
|a 3110761963
|q hardcover
|
| 020 |
|
|
|z 9783110762129
|q ePub ebook
|
| 020 |
|
|
|z 9783110762068
|q pdf
|
| 024 |
8 |
|
|a CIPO000192861
|
| 035 |
|
|
|a (OCoLC)1438916710
|
| 050 |
|
4 |
|a P299.N4
|b P47 2025
|
| 082 |
0 |
4 |
|a 415
|2 23
|
| 245 |
0 |
0 |
|a Perspectives on negation :
|b views from across the language sciences /
|c edited by Frances Blanchette and Cynthia A. Lukyanenko.
|
| 264 |
|
1 |
|a Berlin ;
|a Boston :
|b De Gruyter,
|c [2025]
|
| 300 |
|
|
|a viii, 350 pages :
|b illustrations ;
|c 24 cm.
|
| 336 |
|
|
|a text
|b txt
|2 rdacontent
|
| 336 |
|
|
|a still image
|2 rdacontent
|
| 337 |
|
|
|a unmediated
|b n
|2 rdamedia
|
| 338 |
|
|
|a volume
|b nc
|2 rdacarrier
|
| 490 |
1 |
|
|a Interdisciplinary linguistics ;
|v volume 4
|
| 500 |
|
|
|a "De Gruyter Mouton"--cover.
|
| 504 |
|
|
|a Includes bibliographical references and index.
|
| 520 |
|
|
|a Although negation has been studied extensively by philosophers, linguists, and psychologists, it remains an active area of inquiry across the language sciences. This dynamic and cross-disciplinary volume contains a unique collection of chapters by language scientists from a variety of disciplines. Readers will explore novel connections and gain insights into the nature of negation, one of the few uncontroversial universal elements of natural language.
|
| 650 |
|
0 |
|a Grammar, Comparative and general
|x Negatives.
|
| 650 |
|
6 |
|a Négations (Linguistique)
|
| 700 |
1 |
|
|a Blanchette, Frances,
|e editor.
|
| 700 |
1 |
|
|a Lukyanenko, Cynthia A.,
|e editor.
|
| 776 |
0 |
8 |
|i ebook version :
|z 9783110762129
|
| 830 |
|
0 |
|a Interdisciplinary linguistics ;
|v v. 4.
|
| 852 |
8 |
|
|b POD
|z This title is available for the library to purchase for your use. Click the "Purchase It For Me" button to place a request. This item will take 5-10 business days to arrive.
|
| 955 |
|
|
|a Print PDA title
|
| 961 |
|
|
|m 565730
|
| 999 |
f |
f |
|s dbbae58a-0ae8-4d4a-a7b8-bd89d9546d72
|i 768a3de1-b91d-47b6-9101-d598d4e18207
|t 0
|
| 952 |
f |
f |
|a Texas A&M University
|b College Station
|c Sterling C. Evans Library
|d Purchase on Demand
|t 0
|e P299.N4 P47 2025
|h Library of Congress classification
|
| 998 |
f |
f |
|a P299.N4 P47 2025
|t 0
|l Purchase on Demand
|